[Event "FIDE World Bl Team Pool D"]
[Site "Almaty"]
[Date "2024.08.05"]
[Round "3.8"]
[White "Altynbekuly, Madiyar"]
[Black "Daulet, Serikgali"]
[Result "1/2-1/2"]
[WhiteElo "2114"]
[BlackElo "1571"]
[PlyCount "157"]
[EventDate "2024.08.05"]
[EventType "team (blitz)"]
[EventRounds "7"]
[EventCountry "KAZ"]
[SourceTitle "CBM 221 Extra"]
[Source "ChessBase"]
[SourceDate "2024.09.30"]
[SourceVersion "1"]
[SourceVersionDate "2024.09.30"]
[SourceQuality "1"]
[WhiteTeam "KRG Team"]
[BlackTeam "Abai Gambit Pioneers"]
[WhiteTeamCountry "KAZ"]
[BlackTeamCountry "KAZ"]

1. f4 Nf6 2. Nf3 d5 3. e3 c5 4. Bb5+ Nc6 5. Bxc6+ bxc6 6. b3 e6 7. Bb2 Be7 8. 0-0 0-0 9. d3 a5 10. a4 c4 11. Ne5 cxb3 12. Nxc6 bxc2 13. Qxc2 Qc7 14. Nxe7+ Qxe7 15. Ba3 Qa7 16. Bxf8 Qxe3+ 17. Qf2 Qxf2+ 18. Rxf2 Kxf8 19. Nc3 Ba6 20. Rd2 Rc8 21. Nb5 Nd7 22. d4 Nb6 23. Rf2 g6 24. g4 Rc4 25. f5 Ke7 26. fxe6 fxe6 27. Re1 Rxa4 28. Nc7 Bc8 29. Rfe2 Rxd4 30. Nxe6 Rxg4+ 31. Kf2 Kd6 32. h3 Rb4 33. Ng5 a4 34. Nf7+ Kc5 35. Ne5 Rb3 36. Re3 Rb2+ 37. Kg3 Nc4 38. Nd3+ Kd4 39. Nxb2 Nxb2 40. Re8 Bf5 41. Rb8 Nd3 42. Ra1 Nc5 43. Ra8 Kc4 44. Ra5 d4 45. Kf4 Kb4 46. Rxc5 Kxc5 47. Rxa4 d3 48. Ke3 Bxh3 49. Rh4 Bf5 50. Rxh7 Kc4 51. Rc7+ Kd5 52. Ra7 Ke5 53. Ra5+ Ke6 54. Ra6+ Kd5 55. Rf6 Kc4 56. Rc6+ Kb3 57. Kd2 Kb4 58. Rb6+ Kc4 59. Ra6 Kd4 60. Ra5 Kc4 61. Ra4+ Kb3 62. Rd4 Kb2 63. Rb4+ Ka3 64. Rb5 Ka4 65. Rb1 Ka5 66. Rg1 Kb4 67. Rb1+ Kc4 68. Rc1+ Kd4 69. Rc7 Ke4 70. Re7+ Kf4 71. Re1 g5 72. Rf1+ Ke4 73. Re1+ Kf4 74. Rf1+ Kg4 75. Rg1+ Kh5 76. Rh1+ Kg6 77. Rg1 g4 78. Rxg4+ Bxg4 79. Kxd3 1/2-1/2

[Event "FIDE World Bl Team Pool D"]
[Site "Almaty"]
[Date "2024.08.05"]
[Round "5.2"]
[White "Daulet, Serikgali"]
[Black "Vidit, Santosh Gujrathi"]
[Result "1-0"]
[WhiteElo "1571"]
[BlackElo "2720"]
[PlyCount "47"]
[EventDate "2024.08.05"]
[EventType "team (blitz)"]
[EventRounds "7"]
[EventCountry "KAZ"]
[SourceTitle "CBM 221 Extra"]
[Source "ChessBase"]
[SourceDate "2024.09.30"]
[SourceVersion "1"]
[SourceVersionDate "2024.09.30"]
[SourceQuality "1"]
[WhiteTeam "Abai Gambit Pioneers"]
[BlackTeam "Chessy"]
[WhiteTeamCountry "KAZ"]
[BlackTeamCountry "FRA"]

1. d4 Nf6 2. c4 c5 3. d5 e6 4. Nc3 exd5 5. cxd5 d6 6. Nf3 g6 7. Bf4 Na6 8. e3 Nc7 9. h3 Bg7 10. Be2 0-0 11. 0-0 a6 12. a4 Re8 13. Bh2 Ne4 14. Nxe4 Rxe4 15. Nd2 Re8 16. Nc4 Be5 17. Bxe5 dxe5 18. Nb6 Rb8 19. d6 Na8 20. Nxc8 Qxc8 21. d7 Qc7 22. dxe8N Rxe8 23. a5 Qc6 24. Qa4 1-0

[Event "FIDE World Bl Team Pool D"]
[Site "Almaty"]
[Date "2024.08.05"]
[Round "7.20"]
[White "Daulet, Serikgali"]
[Black "Zhakshylykov, Erzhan"]
[Result "0-1"]
[WhiteElo "1571"]
[BlackElo "2327"]
[PlyCount "60"]
[EventDate "2024.08.05"]
[EventType "team (blitz)"]
[EventRounds "7"]
[EventCountry "KAZ"]
[SourceTitle "CBM 221 Extra"]
[Source "ChessBase"]
[SourceDate "2024.09.30"]
[SourceVersion "1"]
[SourceVersionDate "2024.09.30"]
[SourceQuality "1"]
[WhiteTeam "Abai Gambit Pioneers"]
[BlackTeam "Noval Group Kyrgyzstan"]
[WhiteTeamCountry "KAZ"]
[BlackTeamCountry "KGZ"]

1. e4 e5 2. Nf3 Nc6 3. Bc4 Bc5 4. b4 Bb6 5. c3 d6 6. 0-0 Nf6 7. d3 h6 8. a4 a5 9. b5 Ne7 10. Re1 0-0 11. Be3 Bxe3 12. Rxe3 Ng6 13. Nbd2 c6 14. d4 Qe7 15. Nf1 exd4 16. cxd4 Nxe4 17. d5 c5 18. Ng3 f5 19. Qe1 Qf6 20. Nxe4 fxe4 21. Rxe4 Bf5 22. Re3 Nf4 23. Nd2 b6 24. Ne4 Bxe4 25. Rxe4 Qg6 26. g3 Nh3+ 27. Kg2 Nxf2 28. Re6 Qf5 29. Ra2 Qf3+ 30. Kg1 Nh3# 0-1

[Event "FIDE World Rapid Team"]
[Site "Almaty"]
[Date "2024.08.02"]
[Round "2.38"]
[White "Daulet, Serikgali"]
[Black "Ishmukhametov, Adil"]
[Result "0-1"]
[WhiteElo "1571"]
[BlackElo "2077"]
[PlyCount "92"]
[EventDate "2024.08.02"]
[EventType "team (rapid)"]
[EventRounds "12"]
[EventCountry "KAZ"]
[SourceTitle "CBM 221 Extra"]
[Source "ChessBase"]
[SourceDate "2024.09.30"]
[SourceVersion "1"]
[SourceVersionDate "2024.09.30"]
[SourceQuality "1"]
[WhiteTeam "Abai Gambit Pioneers"]
[BlackTeam "Kazakhstan Dream Team"]
[WhiteTeamCountry "KAZ"]
[BlackTeamCountry "KAZ"]

1. e4 c5 2. Nf3 e6 3. d4 cxd4 4. Qxd4 Nc6 5. Qe3 Nf6 6. c4 Bb4+ 7. Nbd2 Qb6 8. Qxb6 axb6 9. Bd3 0-0 10. 0-0 d5 11. exd5 exd5 12. cxd5 Nxd5 13. Nc4 Bc5 14. Ng5 h6 15. Ne4 Bd4 16. Be3 Bxe3 17. Nxe3 Nxe3 18. fxe3 Ne5 19. Be2 Be6 20. a3 Bc4 21. Rf2 Rfd8 22. Rc1 b5 23. Nc3 Rd2 24. Bxc4 Rxf2 25. Kxf2 bxc4 26. Ke2 Re8 27. Nd5 b5 28. Nc7 Rb8 29. Rd1 Rb7 30. Nd5 Kh7 31. Rd2 Nd3 32. Nf4 Nc1+ 33. Kf3 Nb3 34. Rd5 g5 35. Ne2 Kg6 36. Rd6+ f6 37. e4 Nc5 38. e5 Nd3 39. Rxf6+ Kg7 40. Ke4 Re7 41. Rf5 Nxb2 42. Nd4 c3 43. Nxb5 c2 44. Rf1 Nd1 45. Nc3 c1Q 46. Nxd1 Qc4+ 0-1